000 00549nam a2200181Ia 4500
001 2472
005 20260306144809.0
008 260306t2013||||xx |||||||||||||| ||spa||
041 _aESP
082 _a616.891
_bB64
100 _aBlock, Stanley
_eAUT
245 0 _aCuaderno de trabajo para el tratamiento corpomental del trastorno de estrés postraumático (TEPT):
_bprograma para curar en 10 semanas las secuelas del trauma
260 _c2013
300 _a352 páginas :
_c21 cm.
650 _aGEN
654 _aCPS
942 _cLIB
_dJUS
_fJUS
_2ddc
_n
999 _c2472
_d2472